00655nam a2200241 a 4500001001300000003000900013005001700022008004100039020000800080082001600088100001600104245002600120260002800146300000900174500003500183505001700218650002000235700001600255902000800271942000700279952011200286999001500398nice12345678IN_TiNIC20260116011510.0050524s1960 dela grp 000 0 urd  ac400a922.97bABD aAbdul, Haqq aSir Sayyed Ahmad Khan aDelhibUrdu Bazarc1960 a200p aincludes index and biblioraphy2 aBibliography aSyed Ahmad Khan1 aAbdul, Haqq bSRS cBK 001040708StackRoom-aHMIbHMId2007-06-05g4.00l0o922.97 ABDp03572r2007-06-05v4.00w2005-05-24yBK c2054d2054